عرض عادي
عرض مارك
- Christe, Barbara L.,
مدخل إسم شخص
001 - رقم الضبط
- حقل الضبط: 13508
003 - معرف رقم الضبط
- حقل الضبط: OSt
005 - تاريخ ووقت أخر عملية
- حقل الضبط: 20120510150933.0
008 - عناصر بيانات ثابتة الطول
- حقل تحكم ثابت الطول: 120510|||a|||||| | ||| d
040 ## - مصدر الفهرسة
- هيئة الفهرسة الأصلية: OSt
- وكالة الكتابة: OSt
100 ## - مدخل -- أسم شخص
- إسم شخص: Christe, Barbara L.,
- تواريخ مرتبطة بالاسم: 1962-
670 ## - بيانات المصدر موجوده
- الاستشهاد بالمصدر: Work cat.: (OSt)23693: Christe, Barbara L., 1962-, Introduction to biomedical instrumentation :, 2009.
